| 000 | 01197nam a2200229Ia 4500 | ||
|---|---|---|---|
| 003 | Ost | ||
| 005 | 20260507075131.0 | ||
| 008 | 260507s9999||||xx |||||||||||||| ||und|| | ||
| 020 | _a7234409960 | ||
| 040 | _cfsecg | ||
| 041 | _aara | ||
| 082 | _a330 | ||
| 100 |
_aكيركبرايد، بول _eمؤلف |
||
| 245 | 0 |
_aالعولمة : _bالديناميكية الداخلية / _c بول كيركبرايد |
|
| 260 |
_aالرياض: _bمكتبة العبيكان, _c2003 |
||
| 300 |
_a456 صفحة؛ _bإيضاحات ؛ _c24 سم |
||
| 520 | _aالعولمة- تصميم المنظمات العالمية- الإدارة عبر إختلافات ثقافية- التغيير التنظيمي في الشركة العالمية- بيئة عالمية للتعليم الإلكتروني- العمل وسط فرق مركبة- تطوير قادة عالمين- القيادة والمنظمة العالمية- معرفة الطريق الى العولمة- تطوير الكفاءات القيادية في شركة بيريللي. | ||
| 653 | _aالإنفتاح على العالم | ||
| 653 | _aالعولمة | ||
| 700 |
_aورد، كارين _eمؤلف ثانوي |
||
| 942 | _cكتاب | ||
| 999 |
_c43220 _d43220 |
||